• 首页
  • 本馆介绍
  • 公告通知
  • 最新文献
  • 馆藏检索
  • 电子资源
  • 读者导购
  • 参考咨询
  • 我的图书馆
  • 登录
  • 详细信息显示
  • 放入我的书架
  • 预约/预借图书
  • 作者相关作品
  • 分类相关作品
  • 丛书相关作品
  • 出版社相关作品

书目信息

  • 表格格式
  • 工作单格式
  • 卡片格式
题名:
“雪龙”纪实
    
 
作者: 殷允岭 著
分册:  
出版信息: 济南   山东人民出版社  2016
页数: 390页
开本: 24cm
丛书名:
单 册:
中图分类: I253.6 , N816.6
科图分类:
主题词: 纪实文学--ji shi wen xue--中国--当代 , 极地--ji di--科学考察--中国
电子资源:
ISBN: 978-7-209-09861-8
000 00923nam0 22002651 450
001 1738643775
005 20170628091809.0
010    @a978-7-209-09861-8@dCNY46.00
100    @a20170221d2016 em y0chiy50 ea
101 0  @achi
102    @aCN@b370000
105    @aa z 000zy
106    @ar
200 1  @a“雪龙”纪实@9xue long ji shi@dDocumentary on "Xue Long ship"@f殷允岭著@zeng
210    @a济南@c山东人民出版社@d2016
215    @a390页@c彩照@d24cm
330    @a本书全景式地描写了中国极地科考的光辉历程、伟大成就和科学家群英图,讴歌了极地考察健儿为祖国、为科学不畏艰难、顽强拼搏、勇于献身的精神。
510 1  @aDocumentary on "Xue Long ship"@zeng
606 0  @a纪实文学@9ji shi wen xue@y中国@z当代
606 0  @a极地@9ji di@x科学考察@y中国
690    @aI253.6@v5
690    @aN816.6@v5
701  0 @a殷允岭@9yin yun ling@f(1953~)@4著
801  0 @aCN@bTANGWEI@c20170627
905    @b1016841-6@dI253.6@e998@f6
    
    “雪龙”纪实=Documentary on "Xue Long ship"/殷允岭著.-济南:山东人民出版社,2016
    390页:彩照;24cm
    
    
    ISBN 978-7-209-09861-8:CNY46.00
    本书全景式地描写了中国极地科考的光辉历程、伟大成就和科学家群英图,讴歌了极地考察健儿为祖国、为科学不畏艰难、顽强拼搏、勇于献身的精神。
●
相关链接 在E读中查询图书 在五车中查询图书 在当当中查询图书 在豆瓣中查询图书


正题名:"雪龙"纪实     索取号:I253.6/998         预约/预借

序号 登录号 条形码 馆藏地/架位号 状态 备注
1 1016841   210168414   第一样本阅览室/ [索取号:I253.6/998] 在馆    
2 1016842   210168423   教育系资料室/ [索取号:I253.6/998] 在馆    
3 1016843   210168432   教育系资料室/ [索取号:I253.6/998] 在馆    
4 1016844   210168441   教育系资料室/ [索取号:I253.6/998] 在馆    
5 1016845   210168450   第二借阅区/ [索取号:I253.6/998] 在馆    
6 1016846   210168469   第二借阅区/ [索取号:I253.6/998] 在馆    
唐山师范学院图书馆 欢迎您!
大连网信软件有限公司© 版权所有